LEADER 00886nam a2200241 i 4500 001 000000038066 003 CaOOAMICUS 005 20120913000000.0 008 120913s1990 it u000 u ita u 013 $a8471 040 $aSeMil$bita 100 1 $aAmelli, Cesare.$0(OLS)http://semarc/name/18240 245 12$aI tempi e le potenze :$bil castello di Melegnano... /$cCesare Amelli. 250 $a2. ed. 260 $aMelegnano :$b[s.n.],$c1990. 300 $a86, VII p. :$bill. ;$c24 cm. 500 $aCon dedica. 650 4$aMelegnano.$0(OLS)http://semarc/subject/7691 850 $aSeMil 852 $aSeMil$W1$xVenegono$y1$m3P II 184$j4221$B4221$CSeMilBibl$Z2$F4221 $81 961 $aOmaggio: Donazione 996 $6245$aI tempi e le potenze :$bil castello di Melegnano...$9(OLS)http://semarc/title/53592 996 $6260$aMelegnano :$b[s.n.]$9(OLS)http://semarc/publisher/37275 LEADER 01030nam a2200241 i 4500 001 000000069214 003 CaOOAMICUS 005 20260424141439.0 008 100825s1974 gw u000 u ger u 013 $a40386 020 $a3-534-00104-4 040 $aSeMil$bita 245 10$a1. Band /$cFriedrich Wilhelm Joseph Schelling. 250 $aRist. anast. 260 $aDarmstadt :$bWissenschaftliche Buchgesellschaft,$c1974. 300 $aXX, 530 p. ;$c21 cm. 773 0 $aSchelling, Friedrich Wilhelm Joseph : von <1775-1854>$tPhilosophie der Offenbarung.$bRist. anast.$dDarmstadt : Wissenschaftliche Buchgesellschaft, 1974.$z3-534-00104-4$g1$w()23711 850 $aSeMil 852 $aSeMil$W1$xVenegono$y1$m2OA VII 29$j211166$B35367$CSeMilBibl$Z2$F35370 $81 996 $6020$a3-534-00104-4$9(OLS)http://semarc/number/47616 996 $6245$a1. Band$9(OLS)http://semarc/title/66562 996 $6260$aDarmstadt :$bWissenschaftliche Buchgesellschaft$9(OLS)http://semarc/publisher/32002